Statistics for Every Soulsborne Location

Click here to take the quiz!

General Stats

  • This quiz has been taken 63 times
  • The average score is 98 of 199

Answer Stats

HintAnswer% Correct
Dark Souls Hub | Dark Souls III HubFirelink Shrine
88%
Dark Souls | Dark Souls IIIAnor Londo
82%
Dark SoulsBlighttown
82%
Dark Souls IIIFarron Keep
76%
Dark Souls | Dark Souls IIIKiln of the First Flame
76%
Dark SoulsLost Izalith
76%
Dark SoulsNorthern Undead Asylum
76%
Dark SoulsThe Catacombs
76%
Dark SoulsUndead Burg
76%
Dark Souls IIIUndead Settlement
76%
Dark Souls IIICatacombs of Carthus
71%
Dark Souls IIICathedral of the Deep
71%
Dark Souls DLCChasm of the Abyss
71%
Dark SoulsDepths
71%
Dark Souls IIIHigh Wall of Lothric
71%
Dark Souls IIIIrithyll Dungeon
71%
Dark Souls IIIIrithyll of the Boreal Valley
71%
Dark Souls IIILothric Castle
71%
Dark SoulsNew Londo Ruins
71%
Dark Souls III DLCPainted World of Ariandel
71%
Dark Souls IIIProfaned Capital
71%
Dark SoulsQuelaag's Domain
71%
Dark Souls IIIRoad of Sacrifices
71%
Dark SoulsSen's Fortress
71%
Dark SoulsThe Dukes Archives
71%
Dark Souls III DLCThe Ringed City
71%
Dark SoulsUndead Parish
71%
Dark SoulsValley of the Drakes
71%
Demon's Souls EndgameBelow the Nexus
65%
Demon's Souls world 1Boletarian Palace
65%
BloodborneCathedral Ward
65%
Dark Souls IIICemetery of Ash
65%
BloodborneCentral Yharnam
65%
Dark Souls IIIConsumed King's Garden
65%
Dark SoulsCrystal Cave
65%
Dark SoulsDarkroot Garden
65%
Dark SoulsDemon Ruins
65%
Bloodborne DLCFishing Hamlet
65%
Demon's Souls 1-1Gates of Boletaria
65%
Dark Souls IIIGrand Archives
65%
Dark Souls II HubMajula
65%
Dark Souls DLCOolacile Township
65%
Dark SoulsPainted World of Ariamis
65%
Dark Souls IIISmouldering Lake
65%
Dark SoulsThe Abyss
65%
Dark Souls III DLCThe Dreg Heap
65%
Bloodborne DLCThe Hunter's Nightmare
65%
Demon's Souls HubThe Nexus
65%
Dark Souls IIThings Betwixt
65%
Dark Souls IIIArchdragon Peak
59%
BloodborneByrgenwerth
59%
Dark SoulsDarkroot Basin
59%
Dark Souls IIDrangleic Castle
59%
BloodborneForsaken Castle Cainhurst
59%
BloodborneHemwick Charnel Lane
59%
Bloodborne HubHunter's Dream
59%
Dark Souls IIIron Keep
59%
BloodborneNightmare of Mensis
59%
BloodborneOld Yharnam
59%
Demon's Souls world 2Stonefang Tunnel
59%
Dark SoulsTomb of the Giants
59%
Dark Souls IIIUntended Graves
59%
- Elden Ring Main Legacy DungeonAcademy of Raya Lucaria
53%
Dark Souls IIAldia's Keep
53%
Elden Ring Main AreaAltus Plateau
53%
Dark SoulsAsh Lake
53%
Elden Ring Main AreaCaelid
53%
- Elden Ring Minor Legacy DungeonCastle Morne
53%
Dark Souls IICathedral of Blue
53%
Elden Ring Main Area/DungeonCrumbling Farum Azula
53%
Dark Souls IIDragon Shrine
53%
Dark Souls IIEarthen Peak
53%
- Elden Ring Main Area/DungeonElphael, Brace of the Haligtree
53%
BloodborneForbidden Woods
53%
Dark Souls IIForest of Fallen Giants
53%
Dark Souls IIHarvest Valley
53%
Dark Souls IIHeide's Tower of Flame
53%
BloodborneIosefka's Clinic
53%
- Elden Ring Underground AreaLake of Rot
53%
Elden Ring Endgame DungeonLeyndell, Ashen Capital
53%
- Elden Ring Main Legacy DungeonLeyndell, Royal Capital
53%
Elden Ring Main AreaLimgrave
53%
Elden Ring Main AreaLiurnia of the Lakes
53%
Elden Ring Main AreaMountaintops of the Giants
53%
Elden Ring Main AreaMt. Gelmir
53%
BloodborneNightmare Frontier
53%
- Elden Ring Minor Legacy DungeonNokstella, Eternal City
53%
Dark Souls IINo-man's Wharf
53%
Bloodborne DLCResearch Hall
53%
Dark Souls IIShaded Woods
53%
- Elden Ring SubareaSiofra Aqueduct
53%
Elden Ring Underground AreaSiofra River / Nokron, Eternal City
53%
- Elden Ring Main Legacy DungeonStormveil Castle
53%
Dark SoulsThe Great Hollow
53%
Dark Souls IIThe Lost Bastille
53%
Demon's Souls world 3Tower of Latria
53%
BloodborneUpper Cathedral Ward
53%
BloodborneYahar'gul, Unseen Village
53%
Elden Ring Underground AreaAinsel River
47%
SekiroAshina Castle
47%
Dark Souls IIBlack Gulch
47%
Dark Souls IIBrightstone Cove Tseldora
47%
Dark Souls II DLCBrume Tower
47%
- Elden Ring Minor Legacy DungeonCastle Sol
47%
Elden Ring Main AreaConsecrated Snowfield
47%
Elden Ring Underground AreaDeeproot Depths
47%
Dark Souls IIDragon Aerie
47%
- Elden Ring Main AreaDragonbarrow
47%
Dark SoulsFirelink Altar
47%
Dark Souls II DLCFrigid Outskirts
47%
Dark Souls IIGrave of Saints
47%
Dark Souls IIHuntsman's Copse
47%
Dark Souls II DLCIron Passage
47%
BloodborneLecture Building
47%
Elden Ring Main Area/DungeonMiquella's Haligtree
47%
Elden Ring Underground AreaMohgwyn Palace
47%
Dark Souls DLCOolacile Sanctuary
47%
Elden Ring HubRoundtable Hold
47%
Dark Souls DLCRoyal Wood
47%
SekiroSenpou Temple, Mt. Kongo
47%
Dark Souls IIShrine of Amana
47%
Demon's Souls world 4Shrine of Storms
47%
- Elden Ring SubareaSwamp of Aeonia
47%
Dark Souls IIThe Gutter
47%
Dark Souls IIThe Pit
47%
Dark Souls IIThrone of Want
47%
Dark Souls IIUndead Purgatory
47%
- Elden Ring Main Legacy DungeonVolcano Manor
47%
Elden Ring Main AreaWeeping Peninsula
47%
SekiroAshina Depths
41%
SekiroAshina Outskirts
41%
- Elden Ring Minor Legacy DungeonCaria Manor
41%
Elden Ring StartChapel of Anticipation
41%
Sekiro HubDilapidated Temple
41%
SekiroFountainhead Palace
41%
Dark Souls II DLCFrozen Eleum Loyce
41%
Dark Souls II DLCGrand Cathedral
41%
BloodborneHealing Church Workshop
41%
SekiroHirata Estate
41%
Dark Souls IIMemory of Jeigh
41%
Dark Souls IIMemory of Orro
41%
- Elden Ring SubareaMistwood
41%
BloodborneOld Abandoned Workshop
41%
Dark Souls DLCSanctuary Garden
41%
Dark Souls IIShrine of Winter
41%
Dark Souls II DLCShulva, Sanctum City
41%
Dark Souls IISinner's Rise
41%
- Elden Ring Minor Legacy DungeonSubterranean Shunning-Grounds
41%
- Elden Ring Minor Legacy DungeonThe Shaded Castle
41%
Dark Souls IIUndead Crypt
41%
Demon's Souls world 5Valley of Defilement
41%
SekiroAbandoned Dungeon
35%
SekiroAshina Reservoir
35%
Dark Souls IIBelfry Sol
35%
Dark Souls II DLCCave of the Dead
35%
Dark Souls IIDark Chasm of Old
35%
Dark Souls IIDragon Memories
35%
- Elden Ring SubareaFlame Peak
35%
Dark Souls II DLCMemory of the Old Iron King
35%
- Elden Ring Minor Legacy DungeonRedmane Castle
35%
- Elden Ring Minor Legacy DungeonRuin-strewn Precipice
35%
SekiroSunken Valley
35%
Dark Souls IIBelfry Luna
29%
Dark Souls IIDoor of Pharros
29%
Dark Souls II DLCDragon's Rest
29%
Dark Souls II DLCMemory of the King
29%
Dark Souls IIMemory of Vammar
29%
SekiroMibu Village
29%
- Elden Ring SubareaMoonlight Altar
29%
Dark Souls II DLCOld Chaos
29%
SekiroSunken Valley Passage
29%
Dark Souls II DLCDragon's Sanctum
24%
Demon's Souls 1-3Inner Ward
24%
Dark Souls IILord's Private Chamber
24%
- Elden Ring SubareaNight's Sacred Ground
24%
Demon's Souls 2-4Shrine of the Dragon God
24%
Demon's Souls 2-1Smithing Grounds
24%
Demon's Souls 1-2The Lord's Path
24%
Demon's Souls 3-2Upper Latria
24%
Dark Souls III DLCChurch of Yorshka
18%
Demon's Souls 5-1Depraved Chasm
18%
Demon's Souls 4-1Island's Edge
18%
Demon's Souls 3-1Prison of Hope
18%
Demon's Souls 5-3Rotting Haven
18%
Demon's Souls 5-2Swamp of Sorrow
18%
Demon's Souls 3-3The Ivory Tower
18%
Demon's Souls 1-4The King's Tower
18%
Demon's Souls 4-4The Monolith Forest
18%
Demon's Souls 2-2The Tunnel City
18%
Demon's Souls 3-4Throne Room of Yormedaar
18%
Demon's Souls 4-3Altar of Storms
12%
Dark Souls DLCBattle of Stoicism
12%
Demon's Souls 5-4Sanctuary of the Lost
12%
Demon's Souls 4-2The Ritual Path
12%
Demon's Souls 1-5Throne of the False King
12%
Demon's Souls 2-3Underground Temple
12%

Score Distribution

Percentile by Number Answered

Percent of People with Each Score

Your Score History

You have not taken this quiz